|
|
|
|
| LEADER |
00000nam0a2200000 4500 |
| 001 |
114381 |
| 005 |
20231031122231.0 |
| 010 |
|
|
|a 5229002999
|
| 020 |
|
|
|a RU
|b 90-13229
|
| 035 |
|
|
|a (RuTPU)RU\TPU\book\123686
|
| 090 |
|
|
|a 114381
|
| 100 |
|
|
|a 20070421d1989 m a0rusy5003 ca
|
| 101 |
0 |
|
|a rus
|
| 102 |
|
|
|a RU
|
| 105 |
|
|
|a a z 001zy
|
| 200 |
1 |
|
|a Нестационарные процессы и повышение эффективности доменной плавки
|f Ю. Н. Овчинников [и др.]
|
| 210 |
|
|
|a Челябинск
|c Металлургия
|d 1989
|
| 215 |
|
|
|a 120 с.
|c ил.
|
| 320 |
|
|
|a Библиогр.: с. 116-120.
|
| 610 |
1 |
|
|a нестационарные процессы
|
| 610 |
1 |
|
|a повышение
|
| 610 |
1 |
|
|a эффективность
|
| 610 |
1 |
|
|a доменная плавка
|
| 610 |
1 |
|
|a математическое моделирование
|
| 610 |
1 |
|
|a исследование
|
| 610 |
1 |
|
|a расчет
|
| 675 |
|
|
|a 669.162.28
|v 3
|
| 701 |
|
1 |
|a Овчинников
|b Ю. Н.
|g Юрий Николаевич
|
| 701 |
|
1 |
|a Мойкин
|b В. И.
|g Виталий Иванович
|
| 701 |
|
1 |
|a Спирин
|b Н. А.
|g Николай Александрович
|
| 701 |
|
1 |
|a Боковиков
|b Б. А.
|g Борис Александрович
|
| 801 |
|
0 |
|a RU
|b RuMRKP
|c 19950417
|g psbo
|
| 801 |
|
1 |
|a RU
|b 63413507
|c 20070421
|g PSBO
|
| 801 |
|
2 |
|a RU
|b 63413507
|c 20080313
|g PSBO
|
| 942 |
|
|
|c BK
|